000 00939nam a2200241Ii 4500
003 JO-AjNU
008 230605s9999||||xx |||||||||||||| ||und||
017 _a2006/5/1347
020 _a9957-07-464-4
040 _aJO-AjNU
_bara
_erda
_cJO-AjNU
041 _aara
050 1 4 _aBF575.S75.H87.2006
100 3 _aحسين،طه عبد العظيم ، حسين،سلامة عبد العظيم,
_eauthor
_928588
245 0 0 _aاستراتيجيات إدارة الضغوط التربوية والنفسية
250 _aط1
264 3 1 _aعمان:دار الفكر ناشرون وموزعون ، 2006
300 _a288ص
336 _atext
_btxt
_2rdacontent
337 _aunmediated
_bn
_2rdamedia
338 _avolume
_bnc
_2rdacarrier
490 0 _aسلسلة الادارة التربوية الحديثة 1
650 4 _aعلم النفس التربوي-الانثروبولوجيا-علم الاجتماع التربوي
_928589
999 _aA11107
_c14675
_d14675